000 00725nam a2200241 a 4500
001 000046639
003 DO-SdBNP
005 20250205145039.0
007 ta
008 240404s1987 000 spa d
040 _aDO-SdBNP
_bspa
_cBNPHU
_erda
082 _axxx
_bM433i
_222
100 _aMatías, Bernardo,
_eautor
_4aut.
_96004
245 1 0 _aUna isla invadida y dividida /
_cBernardo Matías
264 1 _aSanto Domingo :
_bEditora Centro Dominicano de Estudios de la Educación,
_c1987.
300 _a19 paginas ;
_c21 cm.
336 _atexto
_btxt
_2rdacontent
337 _asin mediación
_bn
_2rdamedia
338 _avolumen
_bnc
_2rdacarrier
590 _aInventariado, 2024/DG
910 _aDG
942 _2ddc
_cLF2
999 _c56241
_d56241